Estatísticas para Cultura Geral

Clique aqui para jogar o quiz

Estatísticas Gerais

  • Esse quiz foi jogado 26 vezes
  • A pontuação média é 6 de 15

Estatísticas das Respostas

HintResposta% Correto
Como se diz filme em inglês?Movie
100%
Que famosa marca de relógios começa com a letra R?Rolex
75%
Em que país podemos encontrar a cidade de Bangkok?Tailândia
65%
Como se diz Natal em espanhol?Navidad
55%
Como se diz mundo em francês?Monde
50%
Quem é a mãe de Bart, Lisa e Maggie?Marge
40%
Que letra grega ou variante Covid começa com a letra O?Omicron
35%
Qual é o jogo de PC mais vendido de todos os tempos?Minecraft
30%
Que nome damos a uma região geográfica considerada o território físico de um Estado Soberano, ou de uma menor ou antiga divisão política dentro de uma região geográfica?País
25%
Que nome se dá a uma porção de terra estreita cercada por água em dois lados e que conecta duas grandes extensões de terra?Istmo
20%
A que atriz pertence o apelido Alba?Jessica
20%
Que pedra preciosa começa com a letra R?Ruby
20%
Em que país podemos encontrar a cidade de Corinto?Grécia
15%
Que tipo de cerâmica foi inventado na China?Porcelana
10%
Que nome se dá a uma uma divisão administrativa com estatuto corporativo e que, geralmente, possui governo e (ou) jurisdição próprios?Município
0%

Distribuição das Pontuações

Percentil de Números Respondidos

Porcentagem de Pessoas com Cada Pontuação

Sua Pontuação Histórica

Você não jogou esse quiz